<?xml version="1.0" encoding="UTF-8"?>
<marc:record xmlns:marc="http://www.loc.gov/MARC21/slim">
   <marc:leader>00000nam a2200000 a 4500</marc:leader>
   <marc:datafield ind1=" " ind2=" " tag="653">
      <marc:subfield code="a">Weihnachten</marc:subfield>
   </marc:datafield>
   <marc:datafield ind1=" " ind2=" " tag="653">
      <marc:subfield code="a">DVD-Video</marc:subfield>
   </marc:datafield>
   <marc:datafield ind1=" " ind2=" " tag="653">
      <marc:subfield code="a">Literaturverfilmungen (Spielfilme auf DVD)</marc:subfield>
   </marc:datafield>
   <marc:datafield ind1=" " ind2=" " tag="653">
      <marc:subfield code="a">Comedy, Komödie, Slapstick, Satire, deutscher Unterhaltungsfilm (Spielfilme auf DVD)</marc:subfield>
   </marc:datafield>
   <marc:datafield ind1="0" ind2="0" tag="245">
      <marc:subfield code="a">Mein Fake-Date</marc:subfield>
   </marc:datafield>
   <marc:datafield ind1=" " ind2="1" tag="264">
      <marc:subfield code="b">Tiberius Film</marc:subfield>
      <marc:subfield code="c">2017</marc:subfield>
   </marc:datafield>
   <marc:datafield ind1="1" ind2=" " tag="520">
      <marc:subfield code="a">Darsteller: Jaime King, Luke Macfarlane, Christie Laing, Erin Boyes
Regisseur(e): David Winning. Nach dem Buch von Richard Paul Evans
In der hektischen Vorweihnachtszeit lernt Elise den attraktiven Nick kennen. Beide haben etwas gemeinsam: Sie hassen die bevorstehenden Festlichkeiten, bei denen sie ständig nach einem Partner gefragt werden. Elise ist gerade wieder solo und hat keine Lust auf eine Beziehung. Nick möchte Partner in seiner Kanzlei werden und braucht eine Frau an seiner Seite für die Weihnachtsfeier. Was liegt da näher? Sie vereinbaren ein Fake-Date: Sie wollen zusammen das Paar spielen und gehen endlich allen lästigen Fragen ihrer Freunde, Kollegen und der Familie aus dem Weg. Doch schnell merken sie, dass Weihnachten zusammen ziemlich viel Spaß macht und sich aus ihrer Geschäftsbeziehung langsam etwas mehr entwickelt </marc:subfield>
   </marc:datafield>
   <marc:datafield ind1="3" ind2=" " tag="024">
      <marc:subfield code="a">4041658122511</marc:subfield>
   </marc:datafield>
</marc:record>
